Statistics for Countries Bordering Turkey

Click here to take the quiz!

General Stats

  • This quiz has been taken 5,532 times
  • The average score is 7 of 8

Answer Stats

Length (km)Country% Correct
206Greece
95%
822Syria
94%
268Armenia
93%
352Iraq
92%
252Georgia
91%
499Iran
90%
240Bulgaria
86%
9Azerbaijan
83%

Score Distribution

Percentile by Number Answered

Percent of People with Each Score

Your Score History

You have not taken this quiz